000 00680nam 22001933 4500
001 201440
021 _b35344/90
090 _a201440
100 _a20260320d u||y0pory50 ba
200 _aSintaxe dos predicados nominais com estar
_fElisabete Marques Ranchhod
210 _aLisboa
_cInstituto Nacional de Investigação Científica, Centro de linguística da Universidade de Lisboa
_d1990
215 _a477 p.
_cbrochado
_d24 cm
225 _aLinguistica
_h12
606 _911269
_aQuestões gerais em linguística e literatura. Filologia
675 _a80
_vPT
_zpor
700 _916937
_aRanchhod
_bElisabete Marques
801 _aPT
_bBMMN
_gRPC
830 _cFernando
_fFernando
990 _cLIVROS